Portfolio analysis /

Saved in:
Bibliographic Details
Main Author: Francis, Jack Clark
Other Authors: Archer, Stephen Hunt
Format: Book
Language:English
Published: Englewood Cliffs, N.J. : Prentice-Hall, 1971.
Series:Prentice-Hall foundations of finance series.
Subjects:
LEADER 01146nam a2200325 a 4500
001 c000187177
003 CARM
005 20001009212017.0
008 841126s1971 njua b 001 0 eng
010 |a 79130977 //r85 
019 1 |a 12414458  |z 104177  |5 LACONCORD2021 
020 |a 013686287X 
020 |a 013686287X 
035 |a (OCoLC)149188  |5 LACONCORD2021 
040 |a LC  |b eng  |c LC  |d NU 
050 4 |a HG4521  |b .F69 
050 0 0 |a HG4521  |b .F69 
082 0 4 |a 332.6  |2 20 
082 0 4 |a 332.6 
100 1 |a Francis, Jack Clark. 
245 1 0 |a Portfolio analysis /  |c Jack Clark Francis, Stephen H. Archer. 
260 |a Englewood Cliffs, N.J. :  |b Prentice-Hall,  |c 1971. 
300 |a xii, 268 p. :  |b ill. ;  |c 22 cm. 
490 0 |a Prentice-Hall foundations of finance series. 
504 |a Includes bibliographical references and indexes. 
650 0 |a Investment analysis. 
700 1 |a Archer, Stephen Hunt. 
852 8 |b CARM  |h A2:AK30B0  |i B05535  |p 0251249  |f BK 
999 f f |i fee55633-5a5f-5c85-8b51-6ca712a02c07  |s 997bc06f-ba02-5934-a4a6-03b00b4f16b1 
952 f f |p Can circulate  |a CAVAL  |b CAVAL  |c CAVAL  |d CARM 1 Store  |e B05535  |f A2:AK30B0  |h Other scheme  |i book  |m 0251249